| 000 | | | 03757nmc2a22000003x 450 |
| 001 | | | 398b3059-c238-4f76-9f25-45a1d5bdfb6d |
| 005 | | | 20200227184332.0 |
| 100 | ## | $a | 20180806l18621862k l0rusy0189 ca |
| 101 | 0# | $a | rus |
| 102 | ## | $a | RU |
| 200 | 1# | $a | Дело по представлению начальника Архангельской губернии о высылке в одну из отдалённых от Архангельской губернии коллежского секретаря Василия Михаилова |
| | $j | 13 февраля - 3 марта 1862 г. |
| 251 | ## | $c | Дело |
| 300 | ## | $a | Дело |
| 801 | #0 | $a | RU |
| | $b | РГИА |
| | $c | 20180806 |
| | $g | RCR |
| 801 | #1 | $a | RU |
| | $b | ГлавНИВЦ |
| | $c | 20180806 |
| | $2 | rusmarc |
| 801 | #2 | $a | RU |
| | $b | ПБ им. Б.Н. Ельцина |
| | $c | 20200227 |
| | $g | RCR |
| | $2 | rusmarc |
| 850 | ## | $a | РГИА |
| 852 | ## | $a | РГИА |
| | $e | Федеральное казенное учреждение "Российский государственный исторический архив" (РГИА) |
| | $j | 631 |
| 937 | ## | $h | РГИА |
| | $d | 12285415 |
| | $a | ASBIBLIO_SCAN |
| 462 | #0 | $1 | 0015c398cbf-df74-45c9-b4be-e102fe866560 |
| | $1 | 2001 |
| | $a | Дела Департамента полиции исполнительной МВД за 1862 год |
| | $1 | 251 |
| | $c | Опись |
| | $1 | 852 |
| | $j | 23 |
| | $l | 1862 г. |
| 461 | #0 | $1 | 0013e300ed0-cd39-49af-8489-5ba5b90fa401 |
| | $1 | 2001 |
| | $a | Департамент полиции исполнительной МВД |
| | $1 | 251 |
| | $c | Фонд |
| | $1 | 852 |
| | $j | 1286 |
| 215 | ## | $a | 12 л. |
| | $d | 36,5х26 см |
| 371 | ## | $a | Документ не является опубликованным и широко распространяемым |
| 105 | ## | $a | y### |
| 122 | 2# | $a | d |
| 035 | ## | $a | 398b3059-c238-4f76-9f25-45a1d5bdfb6d |
| 856 | ## | $u | http://readingroom.main.prlib.ru/item.aspx?id_node=n141850518&mode=full |